|
|
|
|
| LEADER |
01321nam a2200301 a 4500 |
| 001 |
1265 |
| 003 |
BD-DhAAL |
| 005 |
20151011105952.0 |
| 008 |
151011s1988 nyu 001 0 eng |
| 010 |
|
|
|a 87045624
|
| 020 |
|
|
|a 8185274266
|
| 020 |
|
|
|a 0060156694 :
|c $15.95
|
| 040 |
|
|
|a DLC
|c DLC
|d DLC
|d BD-DhAAL
|
| 050 |
0 |
0 |
|a HF5718
|b .H284 1988
|
| 082 |
0 |
0 |
|a 658.4/52
|2 19
|
| 100 |
1 |
|
|a Hamlin, Sonya.
|9 15267
|
| 245 |
1 |
0 |
|a How to talk so people listen :
|b the real key to job success /
|c Sonya Hamlin.
|
| 260 |
|
|
|a New York :
|a New Delhi :
|b Harper & Row,
|b Universal Book Stall,
|c 1996.
|
| 300 |
|
|
|a xvi, 265 p. ;
|c 22 cm.
|
| 500 |
|
|
|a Includes index.
|
| 541 |
|
|
|e 1265
|
| 650 |
|
0 |
|a Business communication.
|9 15268
|
| 650 |
|
0 |
|a Oral communication.
|9 15269
|
| 650 |
|
0 |
|a Persuasion (Psychology)
|9 1956
|
| 942 |
|
|
|2 ddc
|c BK
|
| 999 |
|
|
|c 35748
|d 35748
|
| 952 |
|
|
|0 0
|1 0
|2 ddc
|4 0
|6 658_400000000000000_52_HAM
|7 0
|9 56214
|a SCL
|b SCL
|c GEN
|d 2015-10-11
|g 112.00
|l 1
|m 1
|o 658.452 HAM
|p 3020001265
|r 2019-07-13
|s 2019-05-16
|t 1
|w 2015-10-11
|y BK
|x 'The mentioned price is BDT conversion, actual price was RS95'
|
| 952 |
|
|
|0 0
|1 0
|2 ddc
|4 0
|6 658_400000000000000_52_HAM
|7 0
|9 56215
|a SCL
|b SCL
|c GEN
|d 2015-10-11
|g 130.00
|l 4
|m 38
|o 658.452 HAM
|p 3020001076
|r 2025-09-15
|s 2025-06-22
|t 2
|w 2015-10-11
|y BK
|x 'The mentioned price is BDT conversion, actual price was RS110'
|